00214nam a2200097Ia 4500008004100000100000900041245003300050260000900083942000700092999001700099190216s9999||||xx |||||||||||||| ||und|| aNull 0aHindi-Kavithayem Ke Mesam Ki bNull cBK c17723d17723